000 01169nmm a2200325 a 4500
001 ocm0002347567
003 TR-IsHL
005 20201028185549.0
008 190822s2019 tu tur
007 cr cn
020 _a9786052813539
035 _a2347567
_b(N$T)
050 0 4 _aHF5485
_b.Y39 2019
090 0 4 _aHF5485
_b.Y39 2019
245 1 0 _aYazılım sistemleri içerisinde depo yönetimi
_h[electronic resource] /
_cyayına hazırlayanlar Altan Kabakçı, Necati Ocak
250 _a1. Baskı
260 _aİstanbul :
_bHiperlink Yayınları,
_c2019
300 _a144 p.
500 _aKaynakça var
650 4 _aMühendislik ve Teknoloji
650 4 _aEngineering and Technology
650 0 _aDepolar
_x Yönetim
_x Bilgi işlem
650 0 _aWarehouses
_x Management
_x Computing
650 0 _aDepolama
_x Yönetim
_x Matematiksel modeller
650 0 _aWarehouses
_x Management
_x Mathematical methods
650 7 _aBUSINESS & ECONOMICS / Management
_2bisacsh
700 1 _aKabakçı, Altan
700 1 _aOcak, Necati
856 4 0 _uhttp://search.ebscohost.com/login.aspx?direct=true&scope=site&db=e011xww&AN=2347567
999 _c21521
_d21521